An introduction to Gröbner bases /

Guardado en:
Autor Principal: Adams, William W. 1937-
Otros Autores: Loustaunau, Philippe, 1958-
Formato: Libro
Idioma:English
Publicado: Providence, R.I. : American Mathematical Society, c1994.
Series:Graduate studies in mathematics, v. 3
Materias:
Etiquetas: Agregar Etiqueta
Sin Etiquetas, Sea el primero en etiquetar este registro!
LEADER 00996cam a2200241 a 4500
001 MAT.inmabb003627
008 940503s1994####riua#####b####001#0#eng##
005 20130308131643.0
245 1 3 |a An introduction to Gröbner bases /  |c William W. Adams, Philippe Loustaunau. 
260 |a Providence, R.I. :  |b American Mathematical Society,  |c c1994. 
300 |a xiii, 289 p. :  |b il. ;  |c 27 cm. 
440 0 |a Graduate studies in mathematics,  |x 1065-7339 ;  |v v. 3 
504 |a Incluye referencias bibliográficas (p. 279-281) e índice. 
505 0 |a 1. Basic theory of Gröbner bases -- 2. Applications of Gröbner bases -- 3. Modules and Gröbner bases -- 4. Gröbner bases over rings. 
510 4 |a MR,  |c 95g:13025 
020 |a 0821838040 
100 1 |a Adams, William W.  |q (William Wells),  |d 1937- 
700 1 |a Loustaunau, Philippe,  |d 1958- 
650 0 |a Gröbner bases. 
084 |a 13P10 (13-01 68W30)  |2 msc2000 
010 |a  94019081  
040 |a DLC  |c DLC  |d DLC 
859 |h 13  |i Ad211  |p A-7384  |b BIB. MATEMATICA